00457nam a2200157Ia 4500003000900000008004100009040001600050080001600066100001900082245008000101260004100181300001600222650001300238650002400251650002400275IN-BaIIA211028s9999 xx 000 0 eng d cIIA Library a083:51bSCH aSchlomilch, O. 0aFunfstellige logarithmisch und trigonometrische TafelncO. Schlomilch  aBraunschweigbDruck Und Verlagc1866 axxvi, 170p. aArchives aTables-Trigonometry aTrigonometry-Tables